000 01200nam a2200361 c 4500
001 24218
003 ES-MaCES
005 20150929124733.0
008 120124s2011 sp d t 000 | spa d
017 _aM 46299-2011
_bDL
020 _a9788461551040
035 _aCES20120000347m
040 _aES-MaCES
_bspa
_cES-MaCES
245 0 0 _aMecanismos de prevención y gestión de futuras crisis bancarias
260 _a[Madrid]
_bFundación de Estudios Financieros
_c[2011]
300 _a207 p.
_bgráf. col.
_c28 cm
490 1 _aPapeles de la Fundación
_v42
541 _cGratuito
650 4 _acrisis económica
_927102
650 4 _apérdida financiera
_928136
650 4 _abanco
_928104
650 4 _aactividad bancaria
_928105
650 4 _amecanismo de control
_929918
650 4 _arégimen jurídico
_929894
650 4 _aEspaña
_926964
653 1 0 _aFinanciación
650 4 _930761
_asector financiero
710 2 _aFundación de Estudios Financieros (Madrid)
_eed.
_93793
830 0 _aPapeles de la Fundación (Fundación de Estudios Financieros (Madrid))
_v42
_934050
902 _aLIB Libro
942 _2CES
_cBK
_h0.0.
999 _c24218
_d24218